Focus on the Thames Gateway (Record no. 105762)

MARC details
000 -LEADER
fixed length control field 01206cam a2200217 4500
001 - CONTROL NUMBER
control field ##L134662
008 - FIXED-LENGTH DATA ELEMENTS--GENERAL INFORMATION
fixed length control field 060824n2006 000 0 eng u
035 ## - SYSTEM CONTROL NUMBER
System control number (Sirsi) u134662
041 0# - LANGUAGE CODE
Language code of text/sound track or separate title eng
050 04 - LIBRARY OF CONGRESS CALL NUMBER
Classification number 711.52 $2 18
110 2# - MAIN ENTRY--CORPORATE NAME
Corporate name or jurisdiction name as entry element Campaign to Protect Rural England
9 (RLIN) 4718
245 00 - TITLE STATEMENT
Title Focus on the Thames Gateway
260 ## - PUBLICATION, DISTRIBUTION, ETC.
Place of publication, distribution, etc. London
Name of publisher, distributor, etc. CPRE
Date of publication, distribution, etc. 2006
520 ## - SUMMARY, ETC.
Summary, etc. Highlights 10 key environmental, social and economic indicators for the Thames Gateway growth area, one of the world's biggest urban regeneration projects in and around East London. The indicators based on data collected from official sources give a snapshot of current conditions affecting quality of life and suggest that government aspirations for the Gateway's transformation will not be met without more focused intervention and leadership on the economy, planning and building and protecting the environment.
590 ## - LOCAL NOTE (RLIN)
Local note IKA050906
651 #4 - SUBJECT ADDED ENTRY--GEOGRAPHIC NAME
Geographic name THAMES GATEWAY
651 #4 - SUBJECT ADDED ENTRY--GEOGRAPHIC NAME
Geographic name LONDON
690 ## - LOCAL SUBJECT ADDED ENTRY--TOPICAL TERM (OCLC, RLIN)
Topical term or geographic name as entry element PROPERTY-PROPERTY DEVELOPMENT-STRATEGIC PROPERTY DEVELOPMENT
856 40 - ELECTRONIC LOCATION AND ACCESS
Uniform Resource Identifier <a href="https://www.cprelondon.org.uk/publications/reports/focus-on-the-thames-gateway.pdf">https://www.cprelondon.org.uk/publications/reports/focus-on-the-thames-gateway.pdf</a>
Public note View the focus free of charge at www.cpre.org.uk...
942 ## - ADDED ENTRY ELEMENTS (KOHA)
Suppress in OPAC 0
Holdings
Withdrawn status Lost status Source of classification or shelving scheme Damaged status Not for loan Home library Current library Shelving location Date acquired Total Checkouts Full call number Barcode Date last seen Copy number Price effective from Koha item type
    Dewey Decimal Classification     Virtual Virtual Online 24/08/2006   ONLINE PUBLICATION 134662-2001 06/08/2019 1 06/08/2019 Book